00501nam a22001457a 4500003000400000005001700004008004100021040001400062100002600076245010100102260000900203300003000212500008000242504003300322OSt20171010095525.0110907t xxu||||| |||| 00| 0 eng d aMMSUcULS aPastor, Floramante C. aBiocapacity and ecological footprint for rice and wood in the Philippines cFloramante C. Pastor c2007 axii, 172 leaves c28 cm.  aThesis (Ph.D.-Envi Sci) -- University of the Philippines, Los Banos, Laguna aBibliography: leaves 171-172